00525nam a2200169Ia 4500008004100000100001800041245004800059245001800107260005900125260000900184300001100193650001800204650001500222856002600237999001900263952007300282170221s9999 xx 000 0 und d aSibel Onursoy 4aThe Parental Perspective on the New Media  cSibel Onursoy bOnline Journal of Communication and Media Technologies c2013 a33 : 3 xCommunication xMedia Arts uhttp://www.ojcmt.net/ c311000d311000 001040aCLbCLd2017-02-21l0r2017-02-21 00:00:00w2017-02-21yFOJ